Country Shapes Without Subdivisions That Contain "A" - Statistics

General Stats
  • This quiz has been taken 359 times
  • The average score is 7 of 16
Answer Stats
Picture Answer % Correct
United States
99%
Canada
94%
Italy
75%
Ireland
68%
Australia
66%
Germany
52%
Sweden
48%
Argentina
40%
China
32%
Russia
32%
Nigeria
31%
Japan
19%
Switzerland
18%
Mexico
15%
Brazil
14%
South Africa
7%
No matching quizzes found
Score Distribution
Percent of People with Each Score
Percentile by Number Answered
Your Score History
You have not taken this quiz